Liberalism and the origins of European social theory

Αποθηκεύτηκε σε:
Λεπτομέρειες βιβλιογραφικής εγγραφής
Κύριος συγγραφέας: Seidman, Steven
Μορφή: Βιβλίο
Γλώσσα:English
Δημοσίευση: Berkeley : University of California Press, c1983
Θέματα:
Ετικέτες: Προσθήκη ετικέτας
Δεν υπάρχουν, Καταχωρήστε ετικέτα πρώτοι!

MARC

LEADER 00000nam a2200000 i 4500
001 1/26574
008 981217s1983 eng d
020 |a 0-520-04986-1 
035 |l 10037613 
040 |a GR-MY-UA  |b gre  |e aacr 
041 0 |a eng 
082 0 |a 301.094 
100 1 |a Seidman, Steven. 
245 1 0 |a Liberalism and the origins of European social theory /  |c Steven Seidman 
260 |a Berkeley :   |b University of California Press,   |c c1983 
300 |a 419 p. 
504 |a Includes bibliographical refernces and index 
650 0 0 |a Sociology  |z Europe  |x History. 
650 0 0 |a Socialism  |z Europe  |x History. 
650 0 0 |a Liberalism  |z France  |x History. 
650 0 0 |a Liberalism  |z Germany  |x History. 
852 |a INST  |b LESVOS  |e 19981217  |h 301.094 SEI  |p 005100017182  |q 005100017182  |t BK  |y 0 
901 |a BIBL-1999-1 
909 |a Λ  |b 061017 
922 |a 1ΕΛΗ  |b 199811  |c ΚΠΣ/ΤΚ  |d ΠΑΠΑΣΩΤΗΡΙΟΥ 
950 |a 103-1998-07-27